Reakčný útok na QC-MDPC McEliece kryptosystém

Gespeichert in:
Bibliographische Detailangaben
1. Verfasser: Kováč, Ján (Verfasst von)
Weitere Verfasser: Fabšič, Tomáš (Betreuung Doktorarbeit)
Format: Manuskript Buch
Sprache:Slowakisch
Veröffentlicht: 2019
Schlagworte:
Online-Zugang:http://is.stuba.sk/zp/portal_zp.pl?podrobnosti=137523
Tags: Tag hinzufügen
Keine Tags, Fügen Sie das erste Tag hinzu!

MARC

LEADER 00000ntm a22000003a 4500
001 stuzp71515
003 SK-STU
005 20190823101753.3
007 ta
008 150427s2015----xo-----f-mn---000-0-slo-d
040 |a STU  |b slo 
041 0 |a slo 
044 |a xo 
100 1 |a Kováč, Ján  |u 035000  |k Z4  |4 aut  |U FEI Fakulta elektrotechniky a informatiky  |T FEI Ústav informatiky a matematiky  |X 46107  |U E050  |Y 816  |7 46107 
242 0 1 |a Reaction attack on the QC-MDPC McEliece cryptosystem  |y eng 
245 1 0 |a Reakčný útok na QC-MDPC McEliece kryptosystém 
260 |c 2019 
300 |a 45 s.,  |b CD-ROM 
650 4 |a QC-MDPC  |2 slo 
650 4 |a post-kvantová kryptografia  |2 slo 
650 4 |a McEliece kryptosystém  |2 slo 
650 4 |a QC-LDPC  |2 slo 
650 4 |a reakcný útok  |2 slo 
650 4 |a post-quantum cryptography  |2 eng 
650 4 |a McEliece cryptosystem  |2 eng 
650 4 |a QC-LDPC  |2 eng 
650 4 |a QC-MDPC  |2 eng 
650 4 |a reaction attack  |2 eng 
700 1 |a Fabšič, Tomáš  |u 035000  |k Z1  |4 ths  |U FEI Fakulta elektrotechniky a informatiky  |T FEI Ústav informatiky a matematiky  |X 63826  |U E050  |Y 816  |7 63826 
856 4 |u http://is.stuba.sk/zp/portal_zp.pl?podrobnosti=137523 
996 |b 284EP12331  |c E*DIPL- 12331  |l EE35  |s P  |a 0  |w stuzp71515_0001